000 00619nam a22001817a 4500
003 OSt
005 20200802125643.0
008 200802b xxu||||| |||| 00| 0 eng d
040 _cMarathi
082 _b948
100 _aफडके, ना. सी.
245 _aप्रीतीपुष्प
260 _aमुंबई
_bगं. पां. परचुरे प्रकाशन
_c1951
300 _a१३९ पृष्ठे
700 _aफडके, कमला
856 _uhttp://dspace.vpmthane.org:8080/jspui/bitstream/123456789/8774/1/948Priitipushhpa.pdf
942 _2ddc
_cEBOOK
999 _c1408260
_d1408255